Statistiken für Deutschland Quiz

Klicken Sie hier um das Quiz zu spielen!

Allgemein

  • Dieses Quiz wurde 547 mal gespielt
  • Das Durchschnittsergebnis liegt bei 13 aus 15

Antwortstatistiken

FrageAntwort% Korrekt
Wie viele Bundesländer hat Deutschland?16
98%
In welcher dieser Bündnisse befindet sich DeutschlandNATO
96%
Wie heißt die Finanzhauptstadt Deutschlands?Frankfurt
93%
Welcher dieser Personen war deutscher?Robert Koch
92%
An welchem Tag, feiert man den Tag der deutschen Einheit?3. Oktober
89%
In welchem Jahr fiel die Mauer, die Ost und Westdeutschland trennte?1989
88%
Wie häufig wurde Deutschland Fußball-Weltmeister?4
87%
Wie heißt der häufigste deutsche Nachname?Müller
87%
Welcher dieser Parteien kann man nur in Bayern wählen?CSU
86%
Welches Bundesland hat die meisten Einwohner?Nord-Rhein-Westfalen
81%
Wie viele Einwohner hat Deutschland?83 mio
75%
An wie viele Länder grenzt Deutschland?9
75%
Wie heißt die größte deutsche FirmaVW
74%
Wie heißt die 3 größte deutsche Stadt?München
69%
Wie heißt die größte deutsche Insel?Rügen
63%

Verteilung der Resultate

Perzentil nach korrekt beantworteten Fragen

Anzahl Personen mit jedem Resultat

Ihre Resultats-Entwicklung

Sie haben dieses Quiz noch nicht gespielt